Problémy riadenia hodnoty duševného vlastníctva

K používaným pojmom v oblasti duševného vlastníctva. Diferencovanosť duševného vlastníctva. Systém práva duševného vlastníctva.

Gespeichert in:
Bibliographische Detailangaben
1. Verfasser: Matušovič, Martin
Format: Buchkapitel
Sprache:Slowakisch
Schlagworte:
Tags: Tag hinzufügen
Keine Tags, Fügen Sie das erste Tag hinzu!

MARC

LEADER 00000naa$a2200000$$$4500
001 0069876
005 20240502071837.7
041 0 |a slo 
044 |a SK 
245 1 0 |a Problémy riadenia hodnoty duševného vlastníctva  |c Martin Matušovič 
520 |a K používaným pojmom v oblasti duševného vlastníctva. Diferencovanosť duševného vlastníctva. Systém práva duševného vlastníctva. 
610 2 0 |a hodnota 
610 2 0 |a vlastníctvo duševné 
610 2 0 |a ochrana autorstva 
610 2 0 |a ochrana vlastníctva 
610 2 0 |a pojmy 
610 2 0 |a právo autorské 
610 2 0 |a riadenie kvality 
100 1 |a Matušovič, Martin